<?xml version="1.0" encoding="UTF-8"?><OAI-PMH xmlns="http://www.openarchives.org/OAI/2.0/" xmlns:xsi="http://www.w3.org/2001/XMLSchema-instance"     xsi:schemaLocation="http://www.openarchives.org/OAI/2.0/ http://www.openarchives.org/OAI/2.0/OAI-PMH.xsd"><responseDate>2026-05-16T23:02:26Z</responseDate><request verb="GetRecord" identifier="oai:regmurcia.com:fintegr.1567" metadataPrefix="marc21">http://oai.regmurcia.com/oai2/oai2.php</request><GetRecord><record><header><identifier>oai:regmurcia.com:fintegr.1567</identifier><datestamp>2026-05-17</datestamp><setSpec>documentos</setSpec></header><metadata><record  xmlns="http://www.loc.gov/MARC21/slim" xmlns:xsi="http://www.w3.org/2001/XMLSchema-instance" xsi:schemaLocation="http://www.loc.gov/MARC21/slim http://www.loc.gov/standards/marcxml/schema/MARC21slim.xsd" type="Bibliographic"><leader>00000nam a2200000   4500</leader><controlfield tag="001" >005075443</controlfield><controlfield tag="003" >1567</controlfield><controlfield tag="004" >A00000000</controlfield><datafield tag="245" ind1=" " ind2=" "><subfield code="a">Testimonio de la presentación ante el concejo de Murcia de una provisión de los Reyes Católicos (1480-3-2. Toledo) prohibiendo sacar moneda de sus reinos.</subfield></datafield><datafield tag="300" ind1=" " ind2=" "><subfield code="c">223 x 154 mm.</subfield></datafield><datafield tag="300" ind1=" " ind2=" "><subfield code="a">5 fol.</subfield></datafield><datafield tag="351" ind1=" " ind2=" "><subfield code="a">Unidad Documental</subfield><subfield code="c">Archivo de Murcia. Array</subfield><subfield code="a">Unidad Documental</subfield><subfield code="c">Archivo de Murcia. Array</subfield></datafield><datafield tag="351" ind1=" " ind2=" "><subfield code="b">Nº 22</subfield></datafield><datafield tag="505" ind1=" " ind2=" "><subfield code="a">/codom/19/178.pdf</subfield></datafield><datafield tag="506" ind1=" " ind2=" "><subfield code="a">Acceso restringido</subfield></datafield><datafield tag="510" ind1=" " ind2=" "><subfield code="a">Documento mal foliado.&lt;/br&gt;Pub. (en parte) MORATALLA COLLADO, ANDREA. Documentos de los Reyes Católicos 1475-1491. Murcia: Academia Alfonso X el Sabio, 2003, pp. 362-364</subfield></datafield><datafield tag="520" ind1=" " ind2=" "><subfield code="a">El documento incluye:&lt;/br&gt;- Presentación ante el concejo de Murcia de una provisión de los Reyes Católicos, por parte de Fernando Castro, mercader de Burgos. (1480-3-21. Murcia).&lt;/br&gt;- Provisión de los Reyes Católicos a todas las autoridades y concejos, insertando una ley que prohíbe sacar moneda de cualquier valor de los reinos, bajo graves penas, debido a que en los últimos años se había extendido esta costumbre. (1480-3-2. Toledo).&lt;/br&gt;- Presentada la carta real, Fernando de Castro ordena sea cumplida y obedecida por el concejo. Así lo manifiestan el concejo y el corregidor, ordenando a Juan de Cieza que la pregone públicamente por la ciudad. (1480-3-21. Murcia).</subfield></datafield><datafield tag="583" ind1=" " ind2=" "><subfield code="u">http://www.regmurcia.com/servlet/s.Sl?METHOD=VERDOCUMENTO&amp;sit=serv,Carmesi&amp;n=/01/1373/indice.djvu</subfield></datafield><datafield tag="592" ind1=" " ind2=" "><subfield code="a">1480-03-21</subfield></datafield><datafield tag="592" ind1=" " ind2=" "><subfield code="d">1480-03-21 00:00:00</subfield></datafield><datafield tag="651" ind1=" " ind2=" "><subfield code="a">Murcia</subfield></datafield><datafield tag="786" ind1=" " ind2=" "><subfield code="o">http://www.regmurcia.com/servlet/s.Sl?METHOD=VERDOCUMENTO&amp;sit=serv,Carmesi&amp;n=/01/1373/indice.djvu</subfield></datafield><datafield tag="856" ind1=" " ind2=" "><subfield code="u">http://www.regmurcia.com/servlet/s.Sl?METHOD=DETALLE&amp;sit=c,373,m,139,serv,Carmesi&amp;id=1567</subfield></datafield></record></metadata></record></GetRecord></OAI-PMH>
